The Wolves of Kromer /

Guardat en:
Dades bibliogràfiques
Altres autors: Williams, Lee, Boy George, Read, Matthew, Remacha, Laura, Moore-Asfouri, Basil, Layton, James
Format: Diapositiva
Idioma:anglès
Publicat: [Milano] : Dolmen Home Video, [2006]
Col·lecció:Queer
Etiquetes: Afegir etiqueta
Sense etiquetes, Sigues el primer a etiquetar aquest registre!

MARC

LEADER 00000ngm a22000007i 4500
001 IT\ICCU\VEA\0695050
003 ItRI
005 20260124182856.0
008 070130s2006 xxk|||||||||||||||k|||||c
024 3 1 |a 8032700992950 
028 4 2 |a PSV9138 
040 |b ita 
041 7 |a eng  |2 ISO-639-2 
245 0 4 |a The Wolves of Kromer /  |c un film di Will Gould ; da un soggetto di Charles Lambert ; sceneggiatura di Charles Lambert e Matthew Read ; fotografia Laura Remacha ; musica composta e diretta da Basil Moore-Asfouri. 
260 |a [Milano] :  |b Dolmen Home Video,  |c [2006] 
300 |a 1 DVD (82 min.) :  |b color., sonoro, in contenitore, 19 cm 
500 |a Codice area 2; formato video 16/9 1.85:1 
500 |a Strato singolo 
500 |a Ripr. del film del 1998, prod. UK 
500 |a Interpreti: Lee Williams, James Layton ..[et al.] ; narratore Boy George 
500 |a Versione originale inglese con sottotitoli in italiano 
500 |a Vietato ai minori di anni 14 
500 |a Contenuti extra: trailer originale, making of, music documentary, galleria fotografica. 
500 |a attore  |0 IT\ICCU\TO0V\166845 
500 |a narratore  |0 IT\ICCU\UBOV\785882 
500 |a Compositore  |0 IT\ICCU\VEAV\313092 
500 |a attore  |0 IT\ICCU\VEAV\313093 
700 1 |a Williams, Lee  |0 IT\ICCU\TO0V\166845 
700 0 |a Boy George  |0 IT\ICCU\UBOV\785882 
700 1 |a Read, Matthew  |0 IT\ICCU\VEAV\313090 
700 1 |a Remacha, Laura  |0 IT\ICCU\VEAV\313091 
700 1 |a Moore-Asfouri, Basil  |0 IT\ICCU\VEAV\313092 
700 1 |a Layton, James  |0 IT\ICCU\VEAV\313093 
790 1 |a O'Dowd, George Alan  |3 IT\ICCU\UBOV\785883  |z Boy George 
830 0 |a Queer  |0 IT\ICCU\UBO\2667501 
942 |2 ddc  |c VM  |n 0 
952 |0 0  |1 0  |4 0  |6 VO_1641_000000000000000  |7 0  |9 27375  |a BO  |b BO  |d 2026-01-24  |i 12662  |l 0  |o VO 1641  |p BO12662  |r 2026-01-24 18:28:56  |w 2026-01-24  |x [Sebina 5] [1 dvd]  |y VM  |z 1 dvd 
999 |c 23187  |d 23187